| 000 | 01541nam0a2200325 4500 | ||
|---|---|---|---|
| 001 | RU\NLR\bibl\48938 | ||
| 005 | 20260407044521.0 | ||
| 010 |
_a5-87857-018-2 _914000 |
||
| 021 |
_aRU _b99-24882 _91216 |
||
| 035 | _a(NLR Aleph) 000047738 | ||
| 090 |
_a253952 _c253952 |
||
| 100 | _a19990922d1999 |||y0rusy50 ca | ||
| 101 | 0 | _arus | |
| 102 | _aRU | ||
| 105 | _aa ||||||||| | ||
| 200 | 1 |
_aСоциально-экономические проблемы России _eСправ. _fФонд информ. поддержки экон. реформ, Нац. фонд подгот. кадров _g[Отв. ред. П.С. Филиппов] |
|
| 210 |
_aСПб. _cНорма _d1999 |
||
| 215 |
_a316 с. _cил. _d29 |
||
| 606 | 0 |
_aЭкономические реформы _jСправочники _yРоссийская Федерация _92072425 _3RU\NLR\auth\661247262 |
|
| 607 |
_aРоссийская Федерация _jСправочники _xНародное хозяйство _92106777 _3RU\NLR\auth\661273591 |
||
| 686 | _aУ9(2)-183(2Р)я2 | ||
| 686 | _aУ03(2Р)74я2 | ||
| 702 | 1 |
_4340 _7ca _8rus _aФилиппов _bП. С. _cгосслужащий, аналитик _f1945- _gПетр Сергеевич _985592 _3RU\NLR\auth\77102666 |
|
| 712 | 0 | 2 |
_4570 _aФонд информ. поддержки экон. реформ _cМосква _9532151 _3RU\NLR\AUTH\8810017153 |
| 801 | 0 |
_aRU _bNLR _c19990922 _gPSBO |
|
| 801 | 1 |
_aRU _bNLR _c19990922 |
|
| 852 |
_aNLR _j99-7/1649 |
||
| 942 | _cBOOK | ||
| 980 | _aNB | ||